| 000 | 00711cab a2200253 4500 | ||
|---|---|---|---|
| 001 | WB3401-94 | ||
| 008 | 090401t1997 xxu||||| |||| 00| 0 eng d | ||
| 035 | _a(Sirsi) u82901 | ||
| 041 | _aeng | ||
| 245 | 4 | _aThe beef issue | |
| 260 | _c1997 | ||
| 350 | _a0 | ||
| 490 |
_aFinancial Times _v24 December 1997, 8 |
||
| 490 |
_aTimes _v23 December 1997, 1&2(2) |
||
| 520 | _aOutlines the measures announced by government to deal with the BSE crisis, including an £85m emergency deal and a year long enquiry. | ||
| 650 | _aBEEF FARMING | ||
| 650 | _aBSE CRISIS | ||
| 650 | _aCOMPENSATION | ||
| 650 | _aFARMERS | ||
| 650 | _aINQUIRY | ||
| 690 | _aRURAL PRACTICE | ||
| 942 | _n0 | ||
| 948 | _c24/12/1997 | ||
| 999 |
_c52357 _d52357 |
||